Five Biggest Cities by Continent (with Exceptions) - Statistics

General Stats
  • This quiz has been taken 6,646 times
  • The average score is 18 of 30
Answer Stats
Continent Population City % Correct
North America 17.8 mil Los Angeles
92%
South America 13.1 mil Rio de Janeiro
82%
Oceania 4.85 mil Melbourne
79%
North America 9.75 mil Chicago
76%
Europe 4.73 mil Barcelona
75%
Asia 35.9 mil Shanghai
75%
Asia 20.4 mil Beijing
72%
Oceania 2.05 mil Perth
72%
Africa 4.18 mil Cape Town
71%
Europe 5.60 mil Saint Petersburg
71%
Asia 24.7 mil Mumbai
67%
Africa 5.70 mil Alexandria
65%
Oceania 418,500 Wellington
64%
Oceania 3.08 mil Brisbane
62%
South America 3.93 mil Brasilia
60%
Asia 17.7 mil Osaka
60%
Europe 3.58 mil Rome
60%
North America 7.85 mil San Francisco
58%
Oceania 1.34 mil Adelaide
56%
North America 8.55 mil Washington DC
52%
Europe 4.75 mil Berlin
51%
North America 7.65 mil Boston
50%
Asia 16.6 mil Kolkata
47%
South America 3.95 mil Medellin
47%
Europe 4.23 mil Naples
47%
Africa 3.38 mil Abuja
46%
South America 4.98 mil Belo Horizonte
42%
Africa 4.55 mil Kano
32%
South America 4.10 mil Porto Alegre
27%
Africa 3.48 mil Ibadan
18%
No matching quizzes found
Score Distribution
Percent of People with Each Score
Percentile by Number Answered
Your Score History
You have not taken this quiz